Una búsqueda de qué. Los talleres de escritura en Guatemala

Kaydedildi:
Detaylı Bibliyografya
Yazar: Monterroso, Arturo
Materyal Türü: Bilinmiyor
Baskı/Yayın Bilgisi: Roma, Italia: Universita Cattolica del Sacro Cuore,
Etiketler: Etiketle
Etiket eklenmemiş, İlk siz ekleyin!

MARC

LEADER 000000000a22000000004500
001 001690
022 |a 20351496 
041 0 |a Español 
092 0 |a Centroamericana 
100 1 |a Monterroso, Arturo 
245 1 0 |a Una búsqueda de qué. Los talleres de escritura en Guatemala 
260 |a Roma, Italia:   |b Universita Cattolica del Sacro Cuore, 
310 |a anual 
773 0 |t Centroamericana 
773 0 |g número 17 (2009) 
773 0 |g 1990- 
773 0 |g 85-99 páginas 
999 |c 1981  |d 1981